000 00517nam a2200181Ia 4500
003 GCL
008 140319s9999 xx 000 0 ara d
040 _aGCL /
_cGCL
082 0 4 _a843.03
_bف ص
100 1 _aفيركور
245 1 0 _aصمت العمر وسداسية الايام الستة /
_cفيركور
700 1 _aوحيد النقاش
300 _a134 ص
490 _aروايات الهلال
_v0
650 0 4 _aالادب الفرنسى
650 0 4 _aالقصص الفرنسية
942 _2ddc
_cBK
999 _c46713
_d46713